000 00508nam a2200181Ia 4500
001 24542
005 20260414151050.0
008 260414t2013||||xx |||||||||||||| ||spa||
041 _aESP
082 _a345.72
_bR93
100 _aRuiz Caro Muñoz, Pedro Alberto
_eAUT
245 0 _aEl peritaje contable judicial frente a la corrupción :
_bdoctrina - legislación - jurisprudencia
260 _c2013
300 _a372 páginas :
_c23 cm.
650 _aDER
654 _aCDE
942 _cLIB
_dJUS
_fJUS
_2ddc
_n
999 _c24542
_d24542